• 首页
  • 本馆介绍
  • 公告通知
  • 最新文献
  • 馆藏检索
  • 电子资源
  • 读者导购
  • 参考咨询
  • 我的图书馆
  • 登录
  • 详细信息显示
  • 放入我的书架
  • 预约/预借图书
  • 作者相关作品
  • 分类相关作品
  • 丛书相关作品
  • 出版社相关作品

书目信息

  • 表格格式
  • 工作单格式
  • 卡片格式
题名:
微处理机开发与开发系统
    
 
作者: 茨恩 , Tseng 编 ;柳维长 译
分册:  
出版信息: 北京   人民邮电出版社  1985
页数: 242页
开本: 19cm
丛书名:
单 册:
中图分类: TP368.1 , TP36
科图分类:
主题词: 微处理机-开发系统 , 开发系统-微处理机 , 微型计算机
电子资源:
ISBN:
000 01023nam0 2200337 45
001 0185019599
005 20040521103633.7
010    @dCNY1.80
091    @a15045.总3086-有5430
100    @a19900928d1985 em y0chiy0121 ea
101 1  @achi@ceng
102    @aCN@b110000
105    @ay z 000yy
106    @ar
200 10 @a微处理机开发与开发系统@Awei chu li ji kai fa yu kai fa xi tong@f(英)茨恩(Tseng,V.)编@g柳维长译
210    @a北京@c人民邮电出版社@d1985
215    @a242页@d19cm
300    @a书名原文:Microprocessor developmentand development systems
300    @a根据1982年英文版译出
510 1  @aMicroprocessor development and development systems@zeng
606    @a微处理机-开发系统
606    @a开发系统-微处理机
606 0  @a微型计算机
690    @aTP368.1@v3
690    @aTP36
701  1 @a茨恩@Aci en@bV.@4编
701 A1 @aTseng@bV.@4编
702  0 @a柳维长@Aliu wei chang@4译
801  0 @aCN@b深圳图书馆@c20040521
801  2 @aCN@bNLC@c20040521
905    @f2@b164570-571@dTP36@e10
    
    微处理机开发与开发系统/(英)茨恩(Tseng,V.)编/柳维长译.-北京:人民邮电出版社,1985
    242页;19cm
    书名原文:Microprocessor developmentand development systems.-根据1982年英文版译出
    
    ISBN :CNY1.80
    
●
相关链接 在E读中查询图书 在五车中查询图书 在当当中查询图书 在豆瓣中查询图书


正题名:微处理机开发与开发系统     索取号:TP36/10         预约/预借

序号 登录号 条形码 馆藏地/架位号 状态 备注
1 0164570   001634690   密集书库/ [索取号:TP36/10] 在馆    
2 0164571   001634663   密集书库/ [索取号:TP36/10] 在馆    
3 0164572   001634654   第二样本阅览室/ [索取号:TP36/10] 在馆    
唐山师范学院图书馆 欢迎您!
大连网信软件有限公司© 版权所有